000 00909nam a2200289Ia 4500
003 OSt
005 20220912151755.0
006 a|||||r|||| 00| 0
007 ta
008 220909b |||||||| |||| 00| 0 eng d
024 _a20210
037 _cTextual
040 _aCSL
_beng
_cCSL
041 _aeng
082 _aB27M09p1,N82, M3
100 _aCarmona J Ed.
111 _aInternational conference on non commutative harmonic analysis and lie groups (1982 : Marseelle Luminy)
245 0 _aProceeding on Non commutative harmonic analysis and lie groups
260 _aBerlin
_bSpringer-Verlag
_c1983
300 _a187p.
_ccm.
490 _aLecture notes in mathematics; 1020
500 _aIncludes bibliography
650 _aGroup theory
700 _a Vergne M Ed.
942 _hB27M09p1,N82, M3
_cTEXL
_2CC
999 _c75059
_d75059